000 00702nam a2200229Ia 4500
005 20241129110026.0
008 241129s9999||||xx |||||||||||||| ||und||
020 _a978 1 3995 0461 4
037 _aTB
040 _aARTS
_beng
_cARTS
041 _aeng
_2eng
084 _aP111:3 R3
_qARTS
100 _aGriffiths Patrick Au.
_9591030
245 0 _aIntroduction to english semantics and pragmatics
_cGriffiths Patrick Au.
260 _aEdinburgh, UK
_bUniversity Press
_c2023
300 _aix,182p.
365 _aUKP
_b19.99
490 _aEdinburgh textbooks on the english language
650 _aEnglish LanguageGrammar
_9726934
942 _cTB
_hP111:3 R3
999 _c1227040
_d1227040